[Event "10th EICC"]
[Site "Budva MNE"]
[Date "2009.03.16"]
[Round "10"]
[White "Plenkovic,Z"]
[Black "Arsovic,Z"]
[Result "1-0"]
[WhiteElo "2354"]
[BlackElo "2475"]

1.e4 c5 2.Nf3 e6 3.d4 cxd4 4.Nxd4 Nc6 5.Nc3 Qc7 6.Be3 a6 7.Qd2 Nf6 8.O-O-O Bb4
9.f3 O-O 10.Kb1 b5 11.Nb3 Bb7 12.Nc5 Ne5 13.Nxb7 Qxb7 14.Bd4 d6 15.Qg5 h6
16.Qg3 Rfc8 17.Bd3 Ned7 18.Ne2 Bc5 19.Bxc5 Rxc5 20.Qxd6 e5 21.Ng3 Rc6 22.Qb4 a5
23.Qe1 g6 24.h4 Nc5 25.Qe3 Kh7 26.f4 Ng4 27.Qe2 h5 28.f5 Rb8 29.fxg6+ fxg6
30.Rhf1 Na4 31.Ka1 Qe7 32.Bxb5 Qb4 33.c4 Nc3 34.Rd7+ Kh8 35.bxc3 Qxc3+ 36.Qb2 Qxb2+
37.Kxb2 Ne3 38.Rf8+ Rxf8 39.Bxc6 Rf2+ 40.Kb3 Rxg2 41.Rd3 Rxg3 42.c5 g5 43.Bb5 Nf1
44.c6 Nd2+ 45.Kc2  1-0

[Event "10th EICC"]
[Site "Budva MNE"]
[Date "2009.03.16"]
[Round "10"]
[White "Tassopoulos,M"]
[Black "Lopez Martinez,Josep"]
[Result "0-1"]
[WhiteElo "2293"]
[BlackElo "2540"]

1.e4 c5 2.Nf3 e6 3.d4 cxd4 4.Nxd4 Nc6 5.Nc3 Qb6 6.Ndb5 Bc5 7.Be3 Bxe3 8.fxe3 Nge7
9.Nd6+ Kf8 10.Qd2 Ng6 11.O-O-O Nge5 12.Be2 h5 13.Rhf1 Kg8 14.Rf4 Qa5 15.Rdf1 f6
16.g4 hxg4 17.Bxg4 Ne7 18.Rg1 Rh6 19.Rf2 Kf8 20.Rfg2 Rh7 21.h4 b6 22.h5 Ba6
23.Qf2 Nf7 24.Nxf7 Kxf7 25.h6 Rxh6 26.Bxe6+ Kxe6 27.Rxg7 Qe5 28.Nd5 Nxd5
29.exd5+ Qxd5 30.e4 Qh5 31.Qd2 Rd8 32.Rd1 d6 33.e5 fxe5 34.Rxa7 Be2 35.Re1 Bf3
36.Qc3 Qh4 37.Ra6 Qxe1+ 38.Qxe1 Rh1 39.Qxh1 Bxh1 40.Rxb6 Ra8 41.a3 e4 42.Rb7 Ke5
43.Rh7 Bf3 44.Kd2 d5 45.c3 Rb8 46.b4 Ra8 47.b5 Rxa3 48.b6 Rb3 49.b7 Kd6 50.Kc2 Rb5  0-1

[Event "10th EICC"]
[Site "Budva MNE"]
[Date "2009.03.16"]
[Round "10"]
[White "Fedorchuk,S"]
[Black "Bocharov,D"]
[Result "1-0"]
[WhiteElo "2633"]
[BlackElo "2647"]

1.e4 c5 2.Nf3 Nc6 3.Nc3 e6 4.d4 cxd4 5.Nxd4 Qc7 6.Be2 Nf6 7.O-O Be7 8.Kh1 O-O
9.f4 d6 10.Be3 a6 11.Qe1 Nxd4 12.Bxd4 b5 13.a3 Bb7 14.Qg3 Rad8 15.Rae1 Rd7
16.Bd3 Re8 17.Re2 Bc6 18.Nd5 Qd8 19.Bb6 Qc8 20.Nxe7+ Rdxe7 21.e5 dxe5 22.fxe5 Nh5
23.Qg5 g6 24.Re3 Ng7 25.Rh3 Nf5 26.Ba5 Rd7 27.Kg1 Qb7 28.Rf2 Be4 29.g4 Bxd3
30.cxd3 Nd4 31.Qh6 f5 32.exf6 e5 33.Bc3 Qd5 34.Re3 Nc6 35.h4 Kh8 36.Qg5 Rf7
37.h5 gxh5 38.Qxh5 a5 39.g5 Rg8 40.Rh3 e4 41.g6  1-0

[Event "10th EICC w"]
[Site "St Petersburg RUS"]
[Date "2009.03.16"]
[Round "8"]
[White "Muzychuk,A"]
[Black "Stepovaia Dianchenko,T"]
[Result "1-0"]
[WhiteElo "2540"]
[BlackElo "2379"]

1.e4 c5 2.Nf3 e6 3.d4 cxd4 4.Nxd4 Nc6 5.Nc3 Qc7 6.Be3 a6 7.Qd2 Nf6 8.O-O-O Bb4
9.f3 Ne5 10.Nb3 b5 11.Qe1 Rb8 12.Qg3 Nh5 13.Qf2 Bxc3 14.Bc5 d5 15.exd5 exd5
16.bxc3 Be6 17.Re1 f6 18.Qh4 Nf4 19.Kb1 Nfg6 20.Qb4 Rc8 21.f4 a5 22.Qd4 a4
23.Bxb5+ Kf7 24.Bxa4 Nc6 25.Qd3 Nce7 26.Bxe7 Nxe7 27.Nd4 Bd7 28.Bb3 Qxf4
29.Re3 Qd6 30.Rhe1 Rce8 31.c4 Ng6 32.cxd5 Rxe3 33.Rxe3 Ne5 34.Qe2 g6 35.h3 Rc8
36.Nf3 Nxf3 37.Qxf3 Bf5 38.g4 Bd7 39.Qe4 Re8 40.Qd4 Rc8 41.Kb2 h6 42.a3 Rb8
43.Qa7 Kf8 44.Rc3 f5 45.gxf5 Bxf5 46.Qd4 Kg8 47.Rc6 Qg3 48.Qc3 Qxc3+ 49.Kxc3 Kf7
50.h4 g5 51.hxg5 hxg5 52.Kd4 Bd7 53.Rc7 Ke8 54.Ke5 Ra8 55.a4 g4 56.Rc4 Ra6
57.Re4 Kd8 58.Re3 Rg6 59.Rg3 Kc7 60.c4 Rg5+ 61.Kd4 Rh5 62.Bc2 Rh2 63.Bg6 Rh6
64.Bf7 Rh3 65.Rg2 Rf3 66.Be6 Rf4+ 67.Ke5  1-0

[Event "10th EICC"]
[Site "Budva MNE"]
[Date "2009.03.17"]
[Round "11"]
[White "Leniart,A"]
[Black "Popov,Iv RUS"]
[Result "0-1"]
[WhiteElo "2360"]
[BlackElo "2541"]

1.e4 c5 2.Nf3 e6 3.d4 cxd4 4.Nxd4 Nc6 5.Nc3 a6 6.Be3 Nf6 7.Nxc6 bxc6 8.e5 Nd5
9.Nxd5 cxd5 10.Bd3 Qc7 11.Bd4 Bc5 12.Qg4 Bxd4 13.Qxd4 a5 14.O-O Ba6 15.f4 O-O
16.f5 Qa7 17.Qxa7 Rxa7 18.f6 Rb8 19.Bxa6 Rxa6 20.Rf3 Rxb2 21.Rg3 g6 22.Rb3 Rb6
23.c4 dxc4 24.Rxb2 Rxb2 25.Rc1 h5 26.Rxc4 g5 27.g4 Kh7 28.h3 Rb5 29.Rc8 Rxe5
30.Rf8 hxg4 31.Rxf7+ Kg6 32.Rxd7 gxh3 33.f7 Rf5  0-1

[Event "10th EICC"]
[Site "Budva MNE"]
[Date "2009.03.17"]
[Round "11"]
[White "Erdogdu,M"]
[Black "Neverov,V"]
[Result "1-0"]
[WhiteElo "2460"]
[BlackElo "2560"]

1.e4 c5 2.Nf3 e6 3.d4 cxd4 4.Nxd4 Nc6 5.Nc3 Qc7 6.Be3 Nf6 7.f4 d6 8.Qf3 a6
9.O-O-O Nxd4 10.Bxd4 b5 11.Bd3 Bb7 12.a3 Be7 13.Qg3 O-O 14.e5 dxe5 15.Bxe5 Qb6
16.Rhe1 Rad8 17.f5 Qc6 18.fxe6 fxe6 19.Ne4 Rd5 20.Ng5 h6 21.Nf3 Rfd8 22.Bc3 Rxd3
23.Rxd3 Rxd3 24.cxd3 Bd6 25.Qg6 Bxa3 26.Kb1 Be7 27.Nd4 Qxg2 28.Qxg2 Bxg2
29.Nxe6 Nd5 30.Bxg7 h5 31.Rg1 Bh3 32.Bd4+ Kf7 33.Ng5+ Bxg5 34.Rxg5 Nf4 35.Be3 Nxd3
36.Rxh5 Be6 37.Kc2 Nb4+ 38.Kc3 Nc6 39.Rh7+ Kg6 40.Rc7 Bd5 41.Rd7 Be4 42.Rd6+ Kf5
43.h4 Ke5 44.Rh6 a5 45.Rh8 a4 46.Bc5 Kf5 47.Rg8 Bf3 48.Rf8+ Ke4 49.Rxf3  1-0

[Event "10th EICC w"]
[Site "St Petersburg RUS"]
[Date "2009.03.19"]
[Round "11"]
[White "Lezhepekova,V"]
[Black "Abuladze,L"]
[Result "0-1"]
[WhiteElo "1917"]
[BlackElo "2029"]

1.e4 c5 2.Nf3 e6 3.d4 cxd4 4.Nxd4 Nc6 5.Nc3 Qc7 6.Be3 a6 7.a3 b5 8.Be2 Nf6
9.O-O Bb7 10.Nb3 Ne5 11.Qd4 Neg4 12.Bg5 Qxh2+  0-1

[Event "3rd Georgi Agzamov Mem"]
[Site "Tashkent AZE"]
[Date "2009.03.19"]
[Round "4"]
[White "Ismagambetov,An"]
[Black "Niyazmetov,R"]
[Result "1/2-1/2"]
[WhiteElo "2523"]
[BlackElo "2227"]

1.e4 c5 2.Nf3 e6 3.d4 cxd4 4.Nxd4 Nc6 5.Nc3 Qc7 6.Be2 Nf6 7.O-O a6 8.Be3 Be7
9.f4 d6 10.Bf3 O-O 11.Kh1 Rb8 12.Qe1 Nd7 13.Rd1 Nxd4 14.Bxd4 b5 15.a3 a5
16.b4 axb4 17.axb4 Bb7 18.Qg3 g6 19.Be2 Bc6 20.f5 e5 21.Be3 Nf6 22.Bh6 Rfc8
23.Bd3 Be8 24.Nd5 Nxd5 25.exd5 Qd8 26.Rf3 Rc3 27.Rdf1 e4 28.Bxe4 Rxf3 29.Rxf3 Ra8
30.Rf1 Bh4 31.Qf4 Bf6 32.fxg6 hxg6 33.g3 Ra1 34.Rxa1 Bxa1 35.Qf3 Be5 36.Qd3 Qf6
37.Be3 Bd7 38.Kg2 Qe7 39.Bd2 Qf6 40.Qf3 Qd8 41.Bf4 Qf6 42.Bd2 Qd8 43.Qe2 Qc8
44.Qd3 Kg7 45.Bf4 Qe8 46.c4 bxc4 47.Qxc4 Bb5 48.Qc2 Bxf4 49.gxf4 Qd7 50.Kg3 Bf1
51.Bg2 Bxg2 52.Qxg2 Qa7 53.Qb2+ Kg8 54.Kf3 Qg1 55.Qd2 Kf8 56.Ke4 Qf1 57.Kd4 Ke7
58.Kc3 Kd7 59.Qd4 Qa1+ 60.Kc4 Qf1+ 61.Kb3 Qb1+ 62.Ka4 Qa2+ 63.Kb5 Qa8 64.Qd3 Qb7+
65.Ka4 Qa7+ 66.Kb3 Qg1 67.b5 Kc7 68.Qc4+ Kb8 69.Qd3 Kb7 70.f5 gxf5 71.Qxf5 Qe3+
72.Kc2 Qe2+ 73.Kc3 Qe1+ 74.Kd4 Qd2+ 75.Ke4 Qc2+ 76.Kf4 Qxh2+ 77.Kg5 Kb6 78.Kf6 Kxb5
79.Kxf7 Kc5 80.Ke7 Qe2+ 81.Qe6 Qa6 82.Qe3+ Kxd5 83.Qd2+ Kc5 84.Qc3+ Qc4  1/2-1/2

[Event "TCh-AUT 1st Bundesliga 2008-9"]
[Site "Ansfelden AUT"]
[Date "2009.03.21"]
[Round "10"]
[White "Manik,M"]
[Black "Bischoff,K"]
[Result "1/2-1/2"]
[WhiteElo "2448"]
[BlackElo "2545"]

1.e4 c5 2.Nf3 e6 3.d4 cxd4 4.Nxd4 Nc6 5.Nc3 d6 6.Be3 a6 7.Qd2 Bd7 8.O-O-O Rc8
9.Kb1 b5 10.Bxb5 axb5 11.Ndxb5 Ne5 12.Nxd6+ Bxd6 13.Qxd6 Nc4 14.Qg3 Nxe3
15.Qxe3 Nf6 16.Qd4 Qc7 17.Qb4 Rb8 18.Qd6 Qxd6 19.Rxd6 Ke7 20.Rhd1 Rb7 21.f3  1/2-1/2

[Event "TOP 16 GpA"]
[Site "Clichy FRA"]
[Date "2009.03.21"]
[Round "2"]
[White "Magem Badals,J"]
[Black "Delchev,A"]
[Result "1/2-1/2"]
[WhiteElo "2522"]
[BlackElo "2647"]

1.e4 c5 2.Nf3 e6 3.d4 cxd4 4.Nxd4 Nc6 5.Nc3 Qc7 6.Be2 a6 7.O-O Nf6 8.Be3 Bb4
9.Na4 Be7 10.Nxc6 bxc6 11.Nb6 Rb8 12.Nxc8 Qxc8 13.Bd4 Qc7 14.e5 Nd5 15.b3 a5
16.g3 c5 17.Bb2 O-O 18.a4 Rfd8  1/2-1/2

[Event "4NCL 2008-9"]
[Site "Hinckley Island ENG"]
[Date "2009.03.21"]
[Round "7"]
[White "Yap Xiu Huan"]
[Black "Yurenok,M"]
[Result "0-1"]
[WhiteElo "1776"]
[BlackElo "2035"]

1.e4 c5 2.Nf3 e6 3.d4 cxd4 4.Nxd4 Nc6 5.Nc3 Qc7 6.Be3 a6 7.Be2 Nf6 8.O-O Bb4
9.Bf3 Ne5 10.Nb1 Nxf3+ 11.Qxf3 Qe5 12.Qg3 Qxg3 13.fxg3 Nxe4 14.c3 Be7 15.Nd2 Nxd2
16.Bxd2 d5 17.Nf3 Bc5+ 18.Kh1 O-O 19.Ne5 f6 20.Nd3 Ba7 21.Nf4 Rd8 22.Rae1 e5
23.Ne2 Bd7 24.Nc1 Bb5 25.Rf3 d4 26.cxd4 Bxd4 27.Ba5 Rdc8 28.Bc3 Bxc3 29.bxc3 Rd8
30.Nb3 Rac8 31.Na5 b6 32.Nb3 Rd6 33.Rfe3 Rcd8 34.Kg1 a5 35.Re4 a4 36.Nc1 Bc6
37.R4e2 Bd5 38.Re3 Bc4 39.Re4 b5 40.a3 Rd2 41.R4e3 Rd1 42.Kf2 R8d2+ 43.Kf3 Bd5+
44.Kg4 Rxe1 45.Rxe1 Bxg2 46.h4 Bd5 47.Kf5 Rf2+ 48.Kg4 Be6+ 49.Kh5 Rf5+  0-1

[Event "10th Dos Hermanas Internet"]
[Site "ICC INT"]
[Date "2009.03.21"]
[Round "3.3"]
[White "Zinchenko,Ya"]
[Black "Kovalyov,A"]
[Result "1-0"]
[WhiteElo "2527"]
[BlackElo "2557"]

1.e4 c5 2.Nf3 e6 3.d4 cxd4 4.Nxd4 Nc6 5.Nc3 a6 6.Be2 Nge7 7.O-O b5 8.Bf4 Nxd4
9.Qxd4 Nc6 10.Qd3 Bb7 11.Qg3 h5 12.Rad1 h4 13.Qg4 Qf6 14.h3 Bc5 15.Kh1 Nd4
16.Bd3 d6 17.Rde1 e5 18.Nd5 Bxd5 19.exd5 g6 20.Be3 O-O 21.Bg5 Qg7 22.Qxh4 f6
23.Be3 Rac8 24.c3 Nf5 25.Bxf5 gxf5 26.Bh6 Qh7 27.Qg3+ Kh8 28.Bxf8 Rxf8 29.Qf3 Rg8
30.a4 b4 31.cxb4 Bxb4 32.Rc1 a5 33.Rc4 f4 34.Rfc1 Qg6 35.Rc8 Bc5 36.Rxg8+ Qxg8
37.g3 fxg3 38.fxg3 Qg5 39.Rc4 f5 40.h4 Qg6 41.Kg2 Kg7 42.b3 Kf6 43.Kh3 Ke7
44.g4 fxg4+ 45.Rxg4 Qh6 46.Rg8 Be3 47.Qf5 Bc5 48.Qc8 Qe3+ 49.Rg3 Qf4 50.Qe6+ Kd8
51.Rg8+ Kc7 52.Qe7+ Kb6 53.Rb8+ Ka6 54.Qb7+  1-0

[Event "TOP 16 GpA"]
[Site "Mulhouse FRA"]
[Date "2009.03.21"]
[Round "2"]
[White "Fedorchuk,S"]
[Black "Sokolov,And1"]
[Result "1-0"]
[WhiteElo "2633"]
[BlackElo "2552"]

1.e4 c5 2.Nf3 e6 3.d4 cxd4 4.Nxd4 Nc6 5.Nc3 Qc7 6.Be3 Nf6 7.Qd2 a6 8.O-O-O Bb4
9.f3 O-O 10.g4 b5 11.h4 Ne5 12.h5 Bb7 13.g5 Ne8 14.Rh3 Rc8 15.Nb3 Nd6 16.Bf4 Ndc4
17.Bxc4 Nxc4 18.Bxc7 Nxd2 19.Bf4 Nxb3+ 20.axb3 f5 21.Rxd7 Bc6 22.Rc7 fxe4
23.Rxc8 Rxc8 24.fxe4 Rf8 25.Rh4 Be7 26.Be3 Rf3 27.Nd1 Rg3 28.h6 g6 29.Kd2 Rxg5
30.Rh2 Rg3 31.Nf2 Bd6 32.Rh1 Rg2 33.Kd3 Rg3 34.Ke2 b4 35.c4 bxc3 36.bxc3 g5
37.Rd1 Bf4 38.Bxf4 gxf4 39.Rd6 Rxc3 40.Kd2 Rf3 41.Ng4 Bb5 42.Ne5 Rf2+ 43.Kc3 Kf8
44.Rxe6 f3 45.Rf6+ Ke7 46.Rxf3 Rxf3+ 47.Nxf3 Kf6 48.e5+ Kg6 49.e6 Kxh6 50.Kd4 Kg6
51.Ke5 h5 52.Nd4 Bd3 53.b4 h4 54.e7 Kf7 55.Kd6 Bg6 56.Nf3 h3 57.Ng5+ Kf6
58.Nxh3 Kf5 59.Nf2 Kf4 60.Nd3+ Ke4 61.Nc5+ Kd4 62.Nxa6 Kc4 63.Kc6  1-0

[Event "TOP 16 GpA"]
[Site "Mulhouse FRA"]
[Date "2009.03.21"]
[Round "2"]
[White "Muller,Ann"]
[Black "Milliet,S"]
[Result "0-1"]
[WhiteElo "2120"]
[BlackElo "2364"]

1.e4 c5 2.Nf3 e6 3.d4 cxd4 4.Nxd4 Nc6 5.Nc3 Qc7 6.Be3 a6 7.Bd3 Nf6 8.O-O Nxd4
9.Bxd4 Bc5 10.Be2 e5 11.Bxc5 Qxc5 12.Qd3 b5 13.Rfd1 Bb7 14.Bf3 Rc8 15.a3 O-O
16.Rd2 Rfe8 17.h3 Bc6 18.Qd6 Qc4 19.Qd3 Qc5 20.Qd6 Qxd6 21.Rxd6 a5 22.b4 Ra8
23.Rdd1 Ra7 24.Rab1 axb4 25.axb4 Ra3 26.Rd3 Rea8 27.Re3 Kf8 28.Kf1 Ne8 29.Ke1 Nc7
30.Be2 g6 31.Kd2 d6 32.f3 f5 33.Rd3 Ke7 34.Rf1 f4 35.g3 fxg3 36.Rg1 Ra1 37.Rxg3 Rh1
38.Ke3 Rf8 39.Rd1 Rh2 40.Ra1 Rf4 41.Ra7 Kd8 42.Rg4 Rf7 43.Ra5 Rxh3 44.Rg1 Rh2
45.Rd1 Ke7 46.Nd5+ Bxd5 47.exd5 g5 48.c4 Rh4 49.cxb5 Rxb4 50.Ra7 Kf6  0-1

[Event "TCh-BEL 2008-9"]
[Site "Belgium BEL"]
[Date "2009.03.22"]
[Round "11"]
[White "Gharamian,T"]
[Black "Pytel,K"]
[Result "1-0"]
[WhiteElo "2555"]
[BlackElo "2386"]

1.e4 c5 2.Nf3 e6 3.d4 cxd4 4.Nxd4 Nc6 5.Nc3 a6 6.Nxc6 bxc6 7.e5 Qc7 8.Bf4 Rb8
9.Bd3 d5 10.exd6 Bxd6 11.Bxd6 Qxd6 12.Ne4 Qe5 13.O-O Nf6 14.Nxf6+ Qxf6 15.b3 c5
16.Qh5 Qc3 17.Qf3 Ke7 18.Qg3 Bb7 19.Qg5+ Kf8 20.Bc4 g6 21.Rad1 Kg7 22.Rd3 Qf6
23.Qxc5 Be4 24.Rd2 Rhc8 25.Qe3 Bb7 26.Qd4 e5 27.Qe3 Rc7 28.Rfd1 Rbc8 29.h3 h5
30.Rd7 Qc6 31.Qxe5+ Kh7 32.R7d5 Re8 33.Qd6 Rce7 34.Qxc6 Bxc6 35.Rc5 Bb7 36.h4 Kg7
37.f3 Bc8 38.a4 Re5 39.Rxe5 Rxe5 40.Kf2 Bf5 41.c3 Rc5 42.Rd6 Bc8 43.Ke3 g5
44.hxg5 Rxg5 45.Kf2 Rc5 46.Rd5 Rxd5 47.Bxd5 f5 48.Kg3 Kf6 49.f4  1-0

[Event "25th Spring Festival"]
[Site "Budapest HUN"]
[Date "2009.03.22"]
[Round "3"]
[White "Bodrogi,L"]
[Black "Somogyi,I"]
[Result "1-0"]
[WhiteElo "2088"]
[BlackElo "2224"]

1.e4 c5 2.Nf3 e6 3.d4 cxd4 4.Nxd4 Nc6 5.Nc3 Qc7 6.g3 a6 7.Bg2 Nf6 8.O-O Be7
9.Re1 d6 10.Nxc6 bxc6 11.e5 dxe5 12.Rxe5 O-O 13.Bf4 Qb7 14.Re3 Rd8 15.Rd3 Nd5
16.Nxd5 exd5 17.Be5 Bf5 18.Rd2 Qd7 19.c4 Bg4 20.Qa4 Qe6 21.Bc7 Rd7 22.cxd5 cxd5
23.Bxd5 Rxd5 24.Rxd5 Bf3 25.Rd3 Bc6 26.Qd1 Bc5 27.Qe1 Qh3 28.Qf1 Qf5 29.Rad1 Qe4
30.Rd8+ Rxd8 31.Rxd8+ Bf8 32.f3 Qe7 33.Bb6 h5 34.Qf2 Qf6 35.f4 Qe7 36.Qe3 Kh7
37.Qxe7 Bxe7 38.Rc8 Bb5 39.Bd4 Kg6 40.Kf2 f6 41.b3 Ba3 42.Bc5 Bb2 43.Ke3 Kf5
44.a4 Bf1 45.Kd2 Kg4 46.Kc2 Ba1 47.Rd8 Bg2 48.Bd4 Bxd4 49.Rxd4 Kh3 50.f5 Kxh2
51.Rh4+ Kxg3 52.Rxh5 Kf4 53.Rh7 Kxf5 54.Rxg7 Be4+ 55.Kc3 Ke5 56.Re7+ Kd5
57.Ra7 f5 58.Rxa6 f4 59.Rf6 Ke5 60.Rf8 f3 61.a5 Bf5 62.Rxf5+ Kxf5 63.Kd2  1-0

[Event "47th XtraCon TCh-DEN 2008-9"]
[Site "Denmark DEN"]
[Date "2009.03.22"]
[Round "9"]
[White "Helledie,A"]
[Black "Ost Hansen,J"]
[Result "1/2-1/2"]
[WhiteElo "2244"]
[BlackElo "2384"]

1.e4 c5 2.Nf3 e6 3.d4 cxd4 4.Nxd4 Nc6 5.Nc3 a6 6.Nxc6 bxc6 7.Bd3 d5 8.O-O Nf6
9.Re1 Bb7 10.Bf4 Be7 11.e5 Nd7 12.Na4 c5 13.c4 d4 14.b3 Qc7 15.Qg4 g6 16.Rad1 g5
17.Bc1 Nxe5 18.Qg3 Bd6 19.Qxg5 h6 20.Qf6 Rg8 21.Be4 Be7 22.Qxe5 Qxe5 23.Bxb7 Qb8
24.Bc6+ Kd8 25.Bf4 Qxf4 26.Bxa8 Kc7 27.g3 a5 28.Nb2 Bd6 29.Nd3 Qg5 30.Bg2 h5
31.Re4 Qg7 32.a3 Rb8 33.b4 axb4 34.axb4 cxb4 35.c5 Bf8 36.Nf4 e5 37.Nd3 f6
38.f4 Rb5 39.fxe5 Rxc5  1/2-1/2

[Event "Open B"]
[Site "Zagreb CRO"]
[Date "2009.03.22"]
[Round "2"]
[White "Plenca,J"]
[Black "Mandl,N"]
[Result "1-0"]
[WhiteElo "2248"]
[BlackElo "2077"]

1.e4 c5 2.Nf3 e6 3.d4 cxd4 4.Nxd4 Nc6 5.Nc3 Qc7 6.Be3 Nf6 7.Bd3 a6 8.Nxc6 Qxc6
9.Qe2 d6 10.O-O Be7 11.Nb5 e5 12.Na7 Qc7 13.Nxc8 Rxc8 14.c4 O-O 15.b4 Nd7
16.Rab1 b6 17.g3 Ra8 18.Rfc1 a5 19.a3 axb4 20.axb4 Ra3 21.Ra1 Rfa8 22.Qb2 Qa7
23.Rxa3 Qxa3 24.Qxa3 Rxa3 25.Bf1 Bd8 26.Rd1 Bc7 27.Bh3 Nf8 28.Rc1 Rb3 29.Ra1 Rxb4
30.Bf1 Ne6 31.Ra8+ Nd8 32.Rc8  1-0

[Event "25th Spring Festival"]
[Site "Budapest HUN"]
[Date "2009.03.24"]
[Round "5"]
[White "Mayer,I"]
[Black "Amstadt,A"]
[Result "1/2-1/2"]
[WhiteElo "2117"]
[BlackElo "2219"]

1.e4 c5 2.Nf3 Nc6 3.d4 cxd4 4.Nxd4 e6 5.Nc3 Qc7 6.Be2 a6 7.a3 Nf6 8.O-O d6
9.Kh1 Be7 10.Nb3 b5 11.f4 Bb7 12.f5 Ne5 13.fxe6 fxe6 14.Nd4 Qd7 15.Bd3 O-O
16.Bg5 Nfg4 17.Bxe7 Qxe7 18.Qe2 Qh4 19.Nf3 Nxf3 20.gxf3 Ne5 21.Qg2 Rf6 22.Ne2 Raf8
23.f4 Rg6 24.Ng3 Rxf4 25.Rxf4 Qxf4 26.Rf1 Qe3 27.Qe2 Qxe2 28.Bxe2 Rf6 29.Rd1 d5
30.exd5 Bxd5+ 31.Kg1 Nf3+ 32.Bxf3 Rxf3 33.Ne2 Rf5 34.Nc3 g5 35.Rd4 Kf7 36.a4 Bc6
37.axb5 axb5 38.Rd6 Rc5 39.Rd2 h5 40.Ne2 e5 41.Ng3 h4 42.Nf5 Ke6 43.Ne3 Bf3
44.Kf2 e4 45.Rd8 Ke7 46.Rb8 Kd7 47.Rb6 Bh5 48.Rh6 g4 49.Rh7+ Ke6 50.Rg7 Kf6
51.Rd7 Rg5 52.Rd5 g3+ 53.hxg3 hxg3+ 54.Kg2 Bf3+ 55.Kh3 Rxd5 56.Nxd5+ Ke5
57.Ne3 g2 58.Kh2 Kd4 59.Nf5+ Ke5 60.Ne3 Kd4 61.Nf5+  1/2-1/2

[Event "25th Spring Festival"]
[Site "Budapest HUN"]
[Date "2009.03.25"]
[Round "6"]
[White "Torok,T1"]
[Black "Somogyi,I"]
[Result "1/2-1/2"]
[WhiteElo "2087"]
[BlackElo "2224"]

1.e4 c5 2.Nf3 e6 3.d4 cxd4 4.Nxd4 Nc6 5.Nc3 Qc7 6.g3 a6 7.Bg2 Nf6 8.O-O Be7
9.Re1 d6 10.Nxc6 bxc6 11.e5 dxe5 12.Rxe5 O-O 13.Bf4 Qb7 14.Re1 Nd5 15.Nxd5 exd5
16.Be5 Rd8 17.Qd4 Bf8 18.c4 Be6 19.Rad1 Rd7  1/2-1/2

[Event "Open A"]
[Site "Zagreb CRO"]
[Date "2009.03.25"]
[Round "5"]
[White "Brkic,A"]
[Black "Bachmann,Ax"]
[Result "1-0"]
[WhiteElo "2550"]
[BlackElo "2563"]

1.e4 c5 2.Nf3 e6 3.d4 cxd4 4.Nxd4 Nc6 5.Nc3 d6 6.Be3 Nf6 7.f3 Be7 8.Qd2 a6
9.O-O-O h5 10.Kb1 Bd7 11.h4 b5 12.Nxc6 Bxc6 13.Bg5 O-O 14.Ne2 b4 15.Nf4 a5
16.Bxf6 Bxf6 17.Nxh5 b3 18.cxb3 a4 19.b4 Be5 20.a3 Rc8 21.f4 Bf6 22.Nxf6+ Qxf6
23.Bd3 Rfd8 24.g4 e5 25.f5 d5 26.g5 Qd6 27.Qe2 Qd7 28.g6 Qd6 29.Rhg1 Kf8
30.gxf7 dxe4 31.Ba6 Qf6 32.Bxc8 Rxc8 33.Qh5 Ke7 34.Rg6  1-0

[Event "25th Spring Festival"]
[Site "Budapest HUN"]
[Date "2009.03.26"]
[Round "7"]
[White "Kormos,Ad"]
[Black "Szabo,Ga3"]
[Result "1-0"]
[WhiteElo "2176"]
[BlackElo "1870"]

1.e4 c5 2.Nf3 e6 3.d4 cxd4 4.Nxd4 Nc6 5.Nc3 Nf6 6.Ndb5 Bb4 7.a3 Bxc3+ 8.Nxc3 d5
9.exd5 exd5 10.Bd3 O-O 11.O-O d4 12.Ne4 Nxe4 13.Bxe4 Qh4 14.f4 Bg4 15.Bf3 Bxf3
16.Qxf3 Rad8 17.Qd3 Rfe8 18.Bd2 Rd6 19.Rae1 Rde6 20.Rxe6 Rxe6 21.f5 Re7 22.f6 Re4
23.Bg5 Ne5 24.Qb5  1-0

[Event "TCh-AUT 2nd Bundesliga Mitte 2008-9"]
[Site "Austria AUT"]
[Date "2009.03.27"]
[Round "9"]
[White "Radnetter,G"]
[Black "Titz,Hei"]
[Result "0-1"]
[WhiteElo "2189"]
[BlackElo "2201"]

1.e4 c5 2.Nf3 e6 3.d4 cxd4 4.Nxd4 Nc6 5.Nc3 Qc7 6.Be2 a6 7.O-O Nf6 8.Kh1 Bb4
9.f3 Nxd4 10.Qxd4 Bd6 11.f4 e5 12.Qf2 exf4 13.Bxf4 Bxf4 14.Qxf4 Qxf4 15.Rxf4 d6
16.Rd1 Ke7 17.Nd5+ Nxd5 18.exd5 Rf8 19.Bd3 f5 20.Rdf1 g6 21.g4 g5 22.Rb4 f4
23.Be2 b5 24.Re1 Kd8 25.Kg2 Re8 26.Kf2 Ra7 27.Bf3 Rxe1 28.Kxe1 Re7+ 29.Kf2 Bd7
30.Rd4 a5 31.Rd1 Kc7 32.a3 h5 33.h3 hxg4 34.hxg4 Rh7 35.Rg1 Rh2+ 36.Rg2 Rxg2+
37.Kxg2 b4 38.axb4 axb4 39.Be2 Kb6 40.Kf3 Kc5 41.Ke4 Bc8 42.b3 Bb7 43.Kf5 Bxd5
44.Kxg5 f3 45.Bf1 Kd4 46.Kf4 Be4 47.g5 f2 48.Ba6 Bxc2 49.Kf3 Bxb3 50.Kxf2 Bf7
51.Be2 b3  0-1

[Event "Spring Open"]
[Site "Belgrade SRB"]
[Date "2009.03.27"]
[Round "6"]
[White "Vucinic,G"]
[Black "Cosic,N"]
[Result "1-0"]
[WhiteElo "1966"]
[BlackElo "1847"]

1.e4 c5 2.Nf3 e6 3.d4 cxd4 4.Nxd4 Nc6 5.Nc3 a6 6.Be3 Qc7 7.Qd2 Nf6 8.O-O-O Bb4
9.f3 Nxd4 10.Qxd4 Bxc3 11.bxc3 h6 12.Qb4 d5 13.Bc5 Bd7 14.e5 Qxe5 15.Bd6 Qe3+
16.Kb2 Rc8 17.Rd4 b5 18.Bf4 Qe1 19.Rd2 e5 20.Re2 Qxe2 21.Bxe2 exf4 22.Re1 Be6
23.a4 Nd7 24.axb5 axb5 25.Bxb5 Rb8 26.Kc1 Kd8 27.Qa5+ Ke7 28.Bxd7 Kxd7 29.Qa4+ Kc7
30.Qxf4+  1-0

[Event "Open A"]
[Site "Zagreb CRO"]
[Date "2009.03.27"]
[Round "7"]
[White "Brkic,A"]
[Black "Simutowe,A"]
[Result "1/2-1/2"]
[WhiteElo "2550"]
[BlackElo "2485"]

1.e4 c5 2.Nf3 e6 3.d4 cxd4 4.Nxd4 Nc6 5.Nc3 Qc7 6.Be3 a6 7.Qd2 Nf6 8.O-O-O Bb4
9.f3 Ne5 10.Nb3 b5 11.Qe1 Be7 12.f4 Ng6 13.e5 Ng4 14.Ne4 Nxe3 15.Qxe3 O-O
16.Bd3 Bb7 17.g3  1/2-1/2

[Event "TCh-NED 2008-9"]
[Site "Netherlands NED"]
[Date "2009.03.28"]
[Round "7"]
[White "Kleijn,C"]
[Black "Riemens,M"]
[Result "1-0"]
[WhiteElo "2238"]
[BlackElo "2265"]

1.e4 c5 2.Nf3 Nc6 3.Nc3 e6 4.d4 cxd4 5.Nxd4 Nf6 6.Nxc6 bxc6 7.e5 Nd5 8.Ne4 Qc7
9.f4 Qb6 10.Bd3 Ba6 11.Bxa6 Qxa6 12.Qe2 Qxe2+ 13.Kxe2 f5 14.Nf2 Rb8 15.c4 Nb4
16.b3 Bc5 17.Rd1 Kd8 18.Bd2 Kc7 19.Bc3 Bxf2 20.Kxf2 c5 21.a3 Nc6 22.b4 Rb7
23.b5 Ne7 24.a4 Nc8 25.a5 Rd8 26.Rd3 Kb8 27.Rad1 Rc7 28.a6 Nb6 29.Ba5 Nxc4
30.Bxc7+ Kxc7 31.Rc3 Nb2 32.Rd2 Na4 33.Rc4 Nb6 34.Rxc5+ Kb8 35.Kf3 Rg8 36.h3 Nd5
37.g4 Rf8 38.Rd4 h6 39.Rcxd5 exd5 40.Rxd5 fxg4+ 41.hxg4 Kc7 42.Rd6 Rb8 43.Rg6  1-0

[Event "Open"]
[Site "Reykjavik ISL"]
[Date "2009.03.28"]
[Round "5"]
[White "Jonsson,Ol"]
[Black "Thorsson,O"]
[Result "0-1"]
[WhiteElo "1913"]
[BlackElo "2199"]

1.e4 c5 2.Nf3 e6 3.d4 cxd4 4.Nxd4 Nc6 5.Nc3 Qc7 6.Be3 a6 7.Bd3 Nf6 8.O-O Bd6
9.Nxc6 dxc6 10.f4 e5 11.f5 b5 12.a4 h5 13.h3 b4 14.Nb1 Qe7 15.Bg5 Qa7+ 16.Kh1 Ng4
17.Qe2 Be7 18.Bxe7 Qxe7 19.Nd2 a5 20.Rad1 Qc5 21.Rf3 Bb7 22.Nb3 Qb6 23.Bc4 Rd8
24.Rxd8+ Qxd8 25.Qd3 Qc7 26.g3 Nf6 27.Qe3 c5 28.Nd2 Qd6 29.Bd3 Qd4 30.Qxd4 exd4
31.b3 Kd7 32.Rf4 Kc7 33.Kg1 Re8 34.Kf2 Bc6 35.g4 hxg4 36.hxg4 Nh7 37.Nc4 Ng5
38.Kg2 Nxe4 39.Kf1 Ng3+ 40.Kf2 Ne4+ 41.Kf1 Nd6 42.Nxd6 Kxd6 43.f6 g5 44.Rf2 Bd5
45.Rf5 Re5 46.Rf2 Be4 47.Bc4 Bg6 48.Kg2 Re3 49.Kh2 Rc3 50.Kg1 Ke5 51.Kf1 Rxc2
52.Rxc2 Bxc2 53.Bxf7 Kxf6  0-1

[Event "TCh-AUT 2nd Bundesliga Mitte 2008-9"]
[Site "Austria AUT"]
[Date "2009.03.29"]
[Round "11"]
[White "Schachinger,M"]
[Black "Gostisa,L"]
[Result "1/2-1/2"]
[WhiteElo "2336"]
[BlackElo "2422"]

1.e4 c5 2.Nf3 e6 3.d4 cxd4 4.Nxd4 Nc6 5.Nc3 Qc7 6.Be3 a6 7.Qd2 Nf6 8.O-O-O Ng4
9.Bf4 Nge5 10.Kb1 Be7 11.g4 d6 12.h3 O-O 13.Bg3 Nxd4 14.Qxd4 b5 15.g5 Bb7
16.f4 Nc6 17.Qe3 Rfc8 18.Bd3 Nb4 19.Rc1 Qa5 20.a3 Nxd3 21.cxd3 d5 22.Be1 Qd8
23.exd5 Bxd5 24.Nxd5 Rxc1+ 25.Kxc1 Qxd5 26.Rh2 Qa2 27.Bc3 Rc8 28.Qe5 f6 29.Qd4 Rd8
30.Qe4 fxg5 31.Rg2 Qd5 32.fxg5 Bxg5+ 33.Kc2 Bh6 34.Re2 Qxe4 35.Rxe4 Kf7 36.a4 Rd5
37.axb5 axb5 38.Rh4 Kg8 39.Re4 Rh5 40.Rxe6 Rxh3 41.Re5 Rh2+ 42.Kb3 Bf4 43.Rxb5 h5
44.Rf5 g5 45.d4 Re2 46.d5 h4 47.d6 Re6 48.Bb4 Bxd6 49.Rxg5+ Kf7 50.Bxd6 Rxd6
51.Rh5 Rd4 52.Kc3 Rg4 53.b4 Kg6 54.Rh8 Kg7  1/2-1/2

[Event "16th TCh-RUS HL"]
[Site "Dagomys RUS"]
[Date "2009.04.02"]
[Round "1"]
[White "Sjugirov,S"]
[Black "Khalifman,A"]
[Result "0-1"]
[WhiteElo "2588"]
[BlackElo "2610"]

1.e4 c5 2.Nf3 Nc6 3.d4 cxd4 4.Nxd4 e6 5.Nc3 Qc7 6.Be3 Nf6 7.f4 Bb4 8.Nb5 Qa5
9.e5 Nd5 10.Bd2 Nxc3 11.bxc3 Bc5 12.c4 Qd8 13.Bd3 O-O 14.Qh5 g6 15.Qh6 d5
16.exd6 Qf6 17.Rb1 e5 18.Qg5 Qxg5 19.fxg5 Rd8 20.Be4 Bf5 21.Bxf5 gxf5 22.g3 Bxd6
23.Rf1 Bc5 24.Nc7 Rac8 25.Nd5 b6 26.Bc3 Ne7 27.Nf6+ Kg7 28.Bxe5 Bd4 29.Nd7+ Kg6
30.Bxd4 Rxd7 31.Bb2 Rxc4 32.Rf2 Kxg5 33.Kf1 Kg6 34.Re1 f6 35.h3 Rdc7 36.Ree2 Nd5
37.Ke1 h5 38.a3 Nc3 39.Re3 Ne4 40.Rfe2 Rxc2  0-1

[Event "ch-SRB"]
[Site "Kragujevac SRB"]
[Date "2009.04.03"]
[Round "2"]
[White "Zlatic,Mih"]
[Black "Ivanisevic,I"]
[Result "0-1"]
[WhiteElo "2463"]
[BlackElo "2625"]

1.e4 c5 2.Nf3 e6 3.d4 cxd4 4.Nxd4 Nc6 5.Nc3 a6 6.Be2 d6 7.Be3 Nf6 8.O-O Be7
9.f4 O-O 10.a4 Bd7 11.Qe1 Rc8 12.Qg3 Nb4 13.Bf3 Rc4 14.e5 Nfd5 15.Nxd5 Nxd5
16.Nf5 exf5 17.Bxd5 Rxc2 18.exd6 Bxd6 19.Bd4 g6 20.Bxb7 Qc7 21.Bxa6 Bc5 22.Bf2 Re8
23.Bd3 Rxf2 24.Rxf2 Re3 25.Qh4  0-1